000
00332nam a2200145Ia 4500
008
150201s2007 xx 000 0 und d
082
_a
616.07
_b
H07A
100
_a
AGGARWAL,ASHOK
245
_a
HISTOPATHOLOGY
250
_a
1ST
260
_b
JAYPEE BROTHERS
_a
DELHI
_c
2007
300
_a
1-280
650
_a
PATHOLOGY
942
_2
ddc
_c
BK
999
_c
510
_d
510